Statistiques concernant Vainqueur du championat de Suisse de hockey

Cliquez ici pour prendre le quiz!

Statistiques générales

  • Ce quiz a été pris 321 fois
  • Le résultat moyen est 77 sur 110

Statistiques - réponses

HintRéponse% Correct
2000 | 2001 | 2008 | +3 othersZurich
97%
1916 | 1917 | 1918 | +16 othersBerne
96%
1998 | 2021 | 2022Zoug
91%
1926 | 1927 | 1929 | +28 othersDavos
90%
1986 | 1987 | 1988 | +4 othersLugano
89%
1978 | 1981 | 1983Bienne
87%
1967 | 1993 | 1994 | +2 othersKloten
68%
1976Langnau
53%
1968 | 1969 | 1970 | +3 othersLa Chaux-de-Fonds
51%
1951 | 1952 | 1953 | +6 othersArosa
40%
1962Viège
34%
1963 | 1964Villars
28%
1922 | 1923Saint-Moritz
17%
1928Saint Moritz
17%
1912 | 1913Les Avants
14%
1911CP Lausanne
12%
1966Grasshopper
12%
1910La Villa Lausanne
9%
1921 | 1924 | 1925Rosey Gstaad
8%
1909 | 1919 | 1920Bellerive Vevey
7%
1936 | 1949 | 1961Zürcher
5%

Distribution des résultats

Percentile par nombre de réponses

% des personnes avec chaque résultat

Votre développement - résultats

Vous n’avez pas pris ce quiz